[Event "Europe Echecs online op April"]
[Site "Europe Echecs INT"]
[Date "2020.04.11"]
[Round "1"]
[White "Dillenschneider, Ernesto"]
[Black "Marchal, Serge"]
[Result "1-0"]
[WhiteElo "2080"]
[BlackElo "1814"]
[PlyCount "81"]
[EventDate "2020.04.11"]
[EventType "swiss (blitz)"]
[EventRounds "11"]
[EventCountry "FRA"]
[SourceTitle "EXT 2021"]
[Source "ChessBase"]
[SourceDate "2020.10.23"]
[SourceVersion "1"]
[SourceVersionDate "2020.10.23"]
[SourceQuality "1"]

1. d4 Nf6 2. Bf4 e6 3. e3 d5 4. Nd2 Bd6 5. Bg3 0-0 6. Bd3 c5 7. c3 Nc6 8. f4 Nd7 9. Ngf3 f6 10. 0-0 e5 11. fxe5 fxe5 12. dxe5 Ncxe5 13. Nxe5 Rxf1+ 14. Bxf1 Nxe5 15. Ne4 dxe4 16. Bxe5 Be7 17. Bc4+ Kh8 18. Qh5 Bf6 19. Rd1 Bd7 20. Bxf6 gxf6 21. Be6 Qe8 22. Qxe8+ Bxe8 23. Bd5 Rd8 24. Kf2 b5 25. Ke1 f5 26. Be6 Rxd1+ 27. Kxd1 Kg7 28. Bxf5 Kf6 29. Bxe4 h6 30. Bf3 Ke5 31. Kd2 Bf7 32. a3 a5 33. h4 h5 34. g4 hxg4 35. Bxg4 Ke4 36. Be2 Be6 37. Bxb5 Kf3 38. Be2+ Kg3 39. h5 Kf2 40. h6 Bf5 41. Bd3 1-0